00233nam a2200097Ia 4500008004100000100002300041245002900064260001800093300000800111650001600119191201s2017 xx 000 0 und d aGONZALEZ, Rafael C 0aDigital Image Processing bPearsonc2017 a954 aB.Tech(ECE)